Τα ταμπού της ιστορίας
Saved in:
| Main Author: | |
|---|---|
| Other Authors: | |
| Format: | Book |
| Language: | Greek French |
| Published: |
[Αθήνα] :
Μεταίχμιο,
[2002]
|
| Series: | Ιστορία (Μεταίχμιο)
|
| Subjects: | |
| Tags: |
Add Tag
No Tags, Be the first to tag this record!
|
MARC
| LEADER | 00000cam a2200000 i 4500 | ||
|---|---|---|---|
| 001 | 1/25782 | ||
| 008 | 060308s2002 gr | ||| |||| ||gre|| | ||
| 020 | |a 9603754447 | ||
| 035 | |l 10082998 | ||
| 040 | |a GR-MyUa |b gre |e AACR2 | ||
| 041 | 1 | |a gre |h fre | |
| 082 | 7 | |a 907.2 |2 (22) | |
| 100 | 1 | |a Ferro, Marc. | |
| 245 | 1 | 3 | |a Τα ταμπού της ιστορίας / |c Marc Ferro ; μετάφραση Αγλαΐα Γαλανοπούλου. |
| 260 | |a [Αθήνα] : |b Μεταίχμιο, |c [2002] | ||
| 300 | |a 149 σ. ; |c 21 εκ. | ||
| 490 | 1 | |a (Ιστορία / Μεταίχμιο) | |
| 500 | |a Τίτλος πρωτοτύπου: Les tabous de l' histoire. | ||
| 504 | |a Περιλαμβάνει βιβλιογραφίες και ευρετήριο. | ||
| 650 | 0 | |a Historiography. | |
| 650 | 0 | |a World politics |y 20th century. | |
| 700 | 1 | |a Γαλανοπούλου, Αγλαΐα, |e trlf | |
| 830 | 0 | |a Ιστορία (Μεταίχμιο) | |
| 852 | |a INST |b RHODES |e 20060308 |h 907.2 FER |p 005400021266 |q 005400021266 |t BK |y 0 | ||
| 901 | |a BIBL4-2006-1 | ||
| 970 | |a Κόζα |b Μαρία |z 2006/03/08 | ||